Vybrané kapitoly z ekonomické žurnalistiky
Na minha lista:
| Autor principal: | |
|---|---|
| Formato: | Livro |
| Idioma: | tcheco |
| Publicado em: |
Praha
VŠE. Ústav marxismu-leninismu
1988
|
| Edição: | 1. vyd. |
| Tags: |
Sem tags, seja o primeiro a adicionar uma tag!
|
MARC
| LEADER | 00000nam a2200000 4500 | ||
|---|---|---|---|
| 001 | c035031 | ||
| 005 | 20221219085937.8 | ||
| 041 | 0 | |a cze | |
| 044 | |a CZ | ||
| 245 | 1 | 0 | |a Vybrané kapitoly z ekonomické žurnalistiky |c Milan Kašík |
| 250 | |a 1. vyd. | ||
| 264 | 1 | |a Praha |b VŠE. Ústav marxismu-leninismu |c 1988 | |
| 300 | |a 100 s. | ||
| 100 | 1 | |a Kašík, Milan | |